[Event "Elenite"]
[Site "Elenite"]
[Date "1993.??.??"]
[Round "6"]
[White "Vyzmanavin, Alexey"]
[Black "Sokolov, Ivan"]
[Result "1/2-1/2"]
[WhiteElo "2605"]
[BlackElo "2610"]
[Annotator "Belov,I"]
[PlyCount "57"]
[EventDate "1993.??.??"]
[EventType "tourn"]
[EventRounds "11"]
[EventCountry "BUL"]
[EventCategory "14"]
[SourceTitle "CBM 038"]
[Source "ChessBase"]
[SourceDate "1994.02.01"]
[SourceVersion "1"]
[SourceVersionDate "1994.02.01"]
[SourceQuality "1"]

1. d4 {Hertneck} d5 2. c4 c6 3. e3 Nf6 4. Nc3 a6 5. Nf3 b5 6. b3 Bg4 7. Be2 (7.
h3 Bxf3 8. Qxf3 $10 e5 $5 (8... e6 $1 {Anand/} 9. Bd2 Bb4 10. Qd1 O-O 11. Be2
bxc4 12. bxc4 c5 $1 $10 {Oll,L-Anand,V /Biel/1993/}) 9. dxe5 Bb4 10. Bd2 Bxc3
11. Bxc3 Ne4 12. Bb4 bxc4 13. bxc4 Qb6 14. a3 a5 15. cxd5 cxd5 {Dlugi,
M-Bologan,V /New York/1993 Inf 57/369/} 16. Bd2 $1 Qb2 17. Rd1 Nc6 (17... Nd7
$5) 18. Bd3 Nxe5 19. Qe2 {Bologan/}) 7... e6 (7... Nbd7 $5) 8. Ne5 (8. O-O $5
Nbd7 (8... Bd6 9. Ne5 Bxe2 10. Qxe2 O-O 11. Bb2 Qc7 12. Rac1 Ra7 13. a4 $14 {
Christiansen,L-Velicka,P /BRD/1993/}) 9. Bb2 Bd6 10. Ne5 Bxe2 11. Nxe2 $14 {
Wells,P-Rogozenko,D /Odorheiu Sec/ 1993/}) (8. O-O {Hertneck}) (8. h3 {Hertneck
} Bxf3 9. gxf3 $1 $14) 8... Bxe2 9. Qxe2 Bb4 $1 $146 (9... Bd6 10. Bb2 Qc7 11.
O-O O-O 12. Rac1 Qb7 13. a4 b4 14. Nb1 Nbd7 15. Nd2 $14 {Ligterink,G-Cuijpers,
F /Hilversum/1988/}) 10. Bd2 Qa5 11. Rc1 Ne4 12. Nxe4 dxe4 13. Rc2 (13. f3 f6
14. Ng4 exf3 15. gxf3 O-O 16. Nf2 Nd7 17. Nd3 Bxd2+ 18. Qxd2 Qb6 19. O-O c5 $10
{Kolev,At-Sokolov,I /Elenite/1993}) 13... O-O 14. Qg4 (14. O-O $4 {Hertneck} f6
15. Ng4 h5 $19) 14... Bxd2+ (14... f5 {Hertneck} 15. Qe2 $16) 15. Rxd2 Qc3 16.
Ke2 $8 (16. Qxe4 {Hertneck} Qa1+ 17. Rd1 Qxa2 $10) 16... f5 17. Qh4 $1 Ra7 18.
c5 (18. f4 exf3+ 19. gxf3 c5 20. Re1 f4 $1 $13) 18... Rc7 19. Rf1 $6 (19. f4
Nd7 20. Qe7 Nxe5 21. Qxc7 Ng4 $13) (19. f3 $5 exf3+ 20. gxf3 $14) (19. Rhd1 $5
$14) 19... Nd7 $1 (19... Re8 {Hertneck /\ Nd7}) 20. Qe7 (20. Nxd7 Rxd7 21. f4
$10) 20... Nxe5 $1 $8 21. Qxc7 Nc4 $1 $10 (21... Nf3 $2 {Hertneck} 22. gxf3
exf3+ 23. Kxf3 Qxd2 24. Qxc6 f4 25. Qxe6+ Rf7 26. Kg2 fxe3 27. Qxe3 $16) 22.
Rfd1 (22. bxc4 Qxc4+ 23. Ke1 Qc1+ 24. Rd1 Qc3+ $10 (24... Qc3+ {Hertneck} 25.
Ke2 Qc2+ $10)) 22... f4 $1 (22... Nxd2 23. Rxd2 $14) 23. exf4 (23. bxc4 fxe3
24. fxe3 Qxc4+ 25. Rd3 $8 exd3+ $13) 23... e3 24. bxc4 $8 exd2 25. Rxd2 Qxc4+
26. Ke3 (26. Ke1 Qc1+ 27. Rd1 Qxf4 28. Qxf4 Rxf4 $10) 26... Qc3+ 27. Ke2 (27.
Rd3 {Hertneck} Qe1+ 28. Kf3 g5 29. Kg3 gxf4+ 30. Kf3 Qb1 31. Rd2 Qe1 32. Rd3 (
32. Qa5 $2 e5 $40) 32... Qb1 $10) 27... Qc4+ 28. Ke3 Qc3+ 29. Ke2 1/2-1/2

[Event "Ashkhabad-A"]
[Site "Ashkhabad"]
[Date "1996.??.??"]
[Round "11"]
[White "Ivanov, Victor L"]
[Black "Komliakov, Viktor"]
[Result "1-0"]
[WhiteElo "2450"]
[BlackElo "2500"]
[Annotator "Belov,I"]
[PlyCount "63"]
[EventDate "1996.??.??"]
[EventType "tourn"]
[EventRounds "13"]
[EventCountry "TKM"]
[EventCategory "9"]
[SourceTitle "CBM 053"]
[Source "ChessBase"]
[SourceDate "1996.08.01"]
[SourceVersion "1"]
[SourceVersionDate "1996.08.01"]
[SourceQuality "1"]

1. d4 d5 2. c4 c6 3. Nf3 Nf6 4. Nc3 a6 5. b3 $5 g6 {N/} (5... e6 6. e3 Nbd7 7.
Be2 b5 8. O-O Be7 9. Qc2 O-O 10. Bb2 Bb7 11. c5 $1 b4 12. Na4 a5 13. a3 $1 $14
{Ilincic,Z-Popchev,M/Jagodina/1993/1:0/36/}) (5... Bf5 $5 6. e3 e6 7. Bb2 Nbd7
8. Bd3 Bxd3 9. Qxd3 b5 10. O-O Be7 11. cxb5 cxb5 12. a4 b4 13. Nb1 O-O 14. Nbd2
Qb6 15. Rfc1 Rfc8 $10 {Browne,W-Illescas,M/Linares MEX/1994/0,5/61/}) 6. g3 Bg7
7. Bg2 c5 $6 (7... O-O 8. O-O Bf5 9. Bb2 $14) 8. cxd5 (8. dxc5 Qa5 9. Bd2 Qxc5)
8... Nxd5 9. Nxd5 Qxd5 10. O-O Qd8 (10... cxd4 11. Be3 Nc6 12. Nxd4 $16) 11.
Be3 cxd4 $6 (11... Nc6 12. d5 Nb4 (12... Bxa1 13. Qxa1 $18) 13. Bxc5 Nxd5 14.
Rc1 O-O 15. e4 $16) (11... O-O $6 12. Rc1 cxd4 13. Nxd4 $14 (13. Bxd4 Nc6 14.
Bxg7 Kxg7 $10)) 12. Bxd4 Bxd4 13. Qxd4 Qxd4 (13... O-O 14. Rfd1 Qxd4 (14... Nc6
15. Qh4 Qc7 16. Ng5 h5 17. Rac1 $16) 15. Nxd4 $16) 14. Nxd4 $16 e5 (14... O-O
15. Rac1 $16) 15. Nc2 Nc6 $6 (15... Ra7 16. Ne3 Be6 17. Rac1 b6 18. Rfd1 Ke7
$16) 16. Bxc6+ $1 bxc6 17. Nb4 O-O $6 (17... Bb7 18. Rac1 Rc8 19. Rc5 f6 20.
Rd1 Ke7 $16) 18. Nxc6 Re8 19. Rac1 a5 20. Rc5 a4 21. b4 a3 (21... f6 22. b5 Bb7
23. Rd1 $18) 22. Rd1 e4 23. b5 Bb7 24. Rd7 Bxc6 25. bxc6 Red8 26. Re5 $1 $18
Kg7 (26... Re8 27. Rxe8+ Rxe8 28. c7 Kg7 29. Rd8 $18) (26... f5 27. Ree7 Rxd7
28. Rxd7 Kf8 29. c7 Ke8 30. Rxh7 $18) 27. Rxe4 Re8 28. Rf4 Rxe2 29. Rfxf7+ Kh6
30. h4 Kh5 31. Kg2 g5 32. Kf3 1-0

[Event "St Petersburg op"]
[Site "St Petersburg"]
[Date "1994.??.??"]
[Round "1"]
[White "Poluljahov, Aleksandr"]
[Black "Maiorov, Oleg Ivanovich"]
[Result "1-0"]
[WhiteElo "2510"]
[BlackElo "2375"]
[Annotator "Belov,I"]
[PlyCount "51"]
[EventDate "1994.02.??"]
[EventType "swiss"]
[EventRounds "9"]
[EventCountry "RUS"]
[SourceTitle "CBM 041"]
[Source "ChessBase"]
[SourceDate "1994.08.01"]
[SourceVersion "1"]
[SourceVersionDate "1994.08.01"]
[SourceQuality "1"]

1. Nf3 d5 2. c4 c6 3. d4 Nf6 4. Nc3 dxc4 5. Ne5 Be6 $6 (5... Nbd7 6. Nxc4 (6.
f4 e6 7. e3 Nxe5 8. fxe5 Nd7 9. Qg4 f5 10. Qg3 b5 11. Be2 g6 12. h4 $44 {
Torre,R-Levenfish,G/Moscow/1925/}) 6... b5 7. Ne3 Bb7 8. g3 c5 9. Bg2 Bxg2 10.
Nxg2 b4 11. Na4 cxd4 12. Qxd4 e5 13. Qd3 Be7 $10 {Knaak,R-Horvath,Cs/Halle/
1987/ Inf 44/443/}) (5... e6 6. g3 Bb4 7. Bg2 Nd5 8. Bd2 Nb6 9. Ne4 a5 10. e3
O-O 11. Qc2 N8d7 $10 {Benjamin,J-Murey,J/Jerusalem/1986/ Inf 42/471/}) 6. e4 b5
7. f4 g6 8. g4 $5 Nfd7 (8... Bg7 9. f5 $6 (9. Bg2 $5 Nfd7 10. Nxd7 Bxd7 11. O-O
O-O 12. Be3 $44 {Ftacnik/}) 9... Bc8 10. Bg2 Bb7 11. O-O O-O 12. Be3 c5 $13 {
Stohl,I-Ehlvest,J/Tallinn/1986/0:1 (33) Inf 42/471/}) 9. Qe2 (9. Nxc6 Nxc6 10.
d5 Bxg4 11. Qxg4 Nb4 12. Qd1 Nc5 $13) (9. Bg2 Nxe5 10. fxe5 Bg7 11. O-O $44)
9... Nxe5 10. dxe5 Bd7 (10... Bc8 $5) 11. Be3 Bg7 $6 (11... f6 $5 12. exf6 exf6
13. Bg2 Be7 14. O-O O-O $13) 12. Bg2 h5 (12... f6 $6 13. exf6 exf6 14. Bc5 Na6
15. Bd6 $16) (12... O-O $5) 13. g5 O-O 14. O-O $16 a5 $6 (14... Qc7 $5) 15.
Rad1 Qc7 16. f5 $5 Bxe5 17. Bh3 Rd8 $6 (17... Bc8 $5) (17... Na6 $5 18. fxg6
Bxh3 19. Qxh5 fxg6 20. Qxh3 Rxf1+ 21. Rxf1 Rf8 $16) 18. Qf2 $18 gxf5 19. exf5 (
19. Bb6 Qc8 20. Bxd8 $18) 19... Rf8 20. Ne4 f6 21. Qh4 Be8 22. Rd2 Rf7 23. g6
Rg7 24. Qxh5 e6 25. Rg2 exf5 26. Bxf5 1-0

[Event "Poikovsky Karpov 16th"]
[Site "Poikovsky"]
[Date "2015.10.06"]
[Round "8"]
[White "Laznicka, Viktor"]
[Black "Bologan, Viktor"]
[Result "0-1"]
[WhiteElo "2676"]
[BlackElo "2607"]
[Annotator "Bologan,V"]
[PlyCount "124"]
[EventDate "2015.09.28"]
[EventType "tourn"]
[EventRounds "9"]
[EventCountry "RUS"]
[EventCategory "17"]
[SourceTitle "CBM 169"]
[Source "ChessBase"]
[SourceDate "2015.11.10"]
[SourceVersion "1"]
[SourceVersionDate "2015.11.10"]
[SourceQuality "1"]

1. d4 d5 2. c4 c6 3. Nf3 Nf6 4. e3 Bf5 5. Nc3 a6 {Transposing into a modern
line of the Chebanenco Variation. The pawn on a6 tries to protect the weakened
white squares on the queenside, after the c8-bishop has left.} 6. Bd3 {Solid.
Aiming for a small positional advantage with little risk which is very
suitable to Laznicka's style of play.} (6. Be2 {is often played by Carlsen} h6
7. Bd3 Bxd3 8. Qxd3 e6 9. a3 Nbd7 (9... dxc4 10. Qxc4 b5 11. Qe2 c5 12. dxc5
Bxc5 13. O-O Nc6 14. b3 O-O 15. Bb2 Qe7 16. Rfc1 Rfc8 17. Nd2 Bb6 18. a4 $14 {
Ehlvest,J 2535 - Bologan,V 2607, Berlin 10.10.2015 World Rapid 2015}) 10. O-O
Bd6 11. e4 dxe4 12. Nxe4 Nxe4 13. Qxe4 Nf6 14. Qe2 O-O 15. Rd1 b5 $1 16. b3 Re8
17. a4 Qc7 18. c5 Be7 19. Rd3 Nd5 $11 {Ehlvest,J 2535 - Ragger,M 2698, Berlin
14.10.2015 World Blitz 2015}) (6. Qb3 $5 {The most principled move in this
position. White launches a direct attack on b7 provoking} b5 7. c5 (7. cxd5
cxd5 8. Bd2 e6 9. Rc1 Be7 10. Nh4 Bg6 11. Nxg6 hxg6 12. Bd3 O-O 13. a4 b4 14.
Na2 {Aronian,L 2784 - Tomashevsky,E 2758, Skopje 23.10.2015 31st ECC Open 2015}
a5 15. O-O Ne4 16. Be1 Bg5 17. Qc2 Nd6 18. b3 Nc6 $1 19. f4 Be7 20. Qxc6 Rc8
21. Qa6 Ra8 $11) 7... a5 8. Nh4 Bc8 9. f4 g6 10. Bd3 Bg7 11. O-O O-O 12. Bd2
Na6 13. a3 Nc7 14. Qc2 Nd7 15. Nf3 f5 16. b4 a4 17. h3 Nf6 18. Ne5 Bd7 19. Kh2
Ne4 20. Be1 $14 {Eljanov,P 2717 - Bologan,V 2607, Berlin 13.10.2015 World
Blitz 2015}) (6. Ne5 {another unpleasant reply for Black. As we teach kids,
Black shouldn't tolerate an enemy piece on the 5th rank. But accomplishing
that task is not as easy as it looks.} Nbd7 7. Qb3 Qc7 $1 8. cxd5 Nxe5 9. dxe5
Nxd5 10. Nxd5 cxd5 11. Bd2 e6 12. Rc1 Qd7 13. Be2 Be7 14. Ba5 Rc8 15. Rxc8+
Qxc8 16. Kd2 Qc5 $5 $146 {This interesting novelty played by Postny is based
on a small tactical motif linked with the a-file.} 17. Qa4+ Qc6 18. Qxc6+ bxc6
19. b4 (19. Bxa6 Kd7 20. b4 Ra8 21. Bd3 Bd8 22. Bxd8 Rxa2+ $15) 19... Kd7 20.
Rc1 (20. Bxa6 Ra8 21. Bd3 (21. b5 Ba3 22. f3 h5 23. h3 Bh7 24. g4 h4 25. Re1
Bg6 26. Rd1 Rb8 27. b6 Bb4+ 28. Bxb4 Rxb6 29. Bc8+ Kxc8 30. Kc3 Ra6 $11) 21...
Bd8 $11) 20... Ra8 21. Rc3 f6 22. exf6 Bxf6 23. Rb3 Be7 24. Bb6 Rb8 25. Ba5 Ra8
26. f4 Bd6 27. Bb6 e5 28. fxe5 Bxe5 29. g3 Bd6 30. a4 g6 $11 {Tomashevsky,E
2758 - Postny,E 2658, Skopje 24.10.2015 31st ECC Open 2015}) 6... Bxd3 {
A typical opening blunder happened few rounds earlier in the game
Lysyi-Inarkiev.} (6... Bg6 7. O-O e6 8. Bxg6 hxg6 9. Qd3 Bb4 10. Bd2 O-O $2 11.
Nxd5 $1 Nxd5 12. cxd5 Bxd2 13. dxe6 Ba5 14. exf7+ Rxf7 15. Ne5 $16 {Lysyj,I
2671 - Inarkiev,E 2660, Poikovsky 30.9.2015 16th Karpov Poikovsky}) 7. Qxd3 e6
8. O-O Bb4 9. Bd2 O-O 10. a3 (10. Rfd1 {would be a more useful move} Ba5 11. a4
Nbd7 12. b4 $5 {since taking on b4 is not the best black option, why not to
take with tempo the space advantage} Bc7 (12... Bxb4 13. Nxd5 exd5 14. Bxb4 Re8
15. a5 $14 {Radjabov,T 2738 - Mamedov,Rau 2657, Berlin 12.10.2015 World Rapid
2015}) 13. e4 dxe4 14. Nxe4 Nxe4 15. Qxe4 Re8 16. Bg5 f6 17. Bf4 Bxf4 18. Qxf4
Qe7 19. c5 Rad8 20. Qe4 Nf8 21. b5 axb5 22. axb5 cxb5 23. Rdb1 e5 $11 {Kozul,Z
2614 - Predojevic,B 2631, Bol 10.10.2015 24th TCh-CRO Div 1a 2015}) (10. Nxd5
$5 {is less dangerous here} Nxd5 11. cxd5 Bxd2 12. dxe6 Ba5 13. exf7+ Rxf7 14.
h4 h6 15. Ne5 Re7 16. Ng6 Rf7 17. Ne5 $11) 10... Bxc3 {I was more focused on
giving up this bishop.} ({But the alternative} 10... Ba5 $5 {is also good
enough} 11. Ne5 (11. b4 Bc7 12. e4 dxe4 13. Nxe4 Nxe4 14. Qxe4 h6 15. Rac1 Nd7
16. Rfe1 Re8 17. Bc3 Nf6 18. Qh4 {Bogdanovich,S 2590 - Motylev,A 2649, Berlin
13.10.2015 World Blitz 2015} a5 19. Rcd1 axb4 20. axb4 Ra3 $15) 11... Nbd7 12.
Nxd7 Nxd7 13. Rfd1 f5 14. b4 Bc7 15. b5 axb5 16. cxb5 c5 $15 {Lenic,L 2639 -
Postny,E 2653, Rhodes 8.9.2015 1st Colossus Cup 2015}) 11. Bxc3 Ne4 12. Bb4 Re8
13. a4 {Taking control over the white squares, otherwise I would it do myself
after a5-a4.} (13. Rfc1 a5 14. Be1 a4 15. b4 Nd6 16. Nd2 b5 $1 $15 {Vovk,Y
2617 - Schneider,Il 2481, Berlin 11.10.2015 World Rapid 2015}) 13... a5 14. Ba3
Nd7 (14... Na6 $5 {was another possible route for the knight} 15. Rfc1 Nb4 16.
Bxb4 axb4 $11) 15. Rac1 Qb6 $1 {I liked the idea of creating pressure on b3
and c4 with the queen, while other pieces would prepare for an eventual ...e5
or ...c5.} 16. Rc2 Qa6 17. Rfc1 Rad8 18. Ne1 $5 {Threatening cxd5 with
exchanging the queens.} Qb6 (18... Nef6 19. cxd5 Qxd3 20. Nxd3 exd5 21. b4 axb4
22. Bxb4 Ra8 23. a5 $14) 19. b3 h6 20. Rb2 Nef6 21. Qb1 e5 $1 {White's play
has been interesting, but for the moment all his pieces are on the back ranks,
which is the perfect moment to counterattack in the centre.} 22. Nf3 c5 $5 {
May be not the best from an objective point of view but definitely very strong
psychologically.} (22... exd4 23. exd4 (23. Nxd4 c5 24. Nb5 Ne5 25. cxd5 Rxd5
26. Rbc2 Ne4 $15) 23... Re6 $11) 23. cxd5 (23. dxc5 Nxc5 24. cxd5 Rxd5 25. Rd2
Nxb3 26. h3 Qd8 27. Qxb3 Rxd2 28. Nxd2 Qxd2 29. Qxb7 Qa2 30. Qb2 Qxb2 31. Bxb2
Nd7 $11) 23... exd4 24. exd4 cxd4 25. d6 Ne4 26. h3 Nxd6 27. Rd1 $2 {Played
with the wrong rook. I think my opponent simply missed the strike ...Ne5 on
the 29th move.} (27. Rd2 Ne5 28. Nxd4 Ndc4 $1 29. bxc4 Qxb1 30. Rxb1 Nxc4 31.
Rd3 Nxa3 32. Rxa3 Rxd4 33. Rxb7 $11) 27... Ne4 28. Rxd4 Nc3 29. Qd3 (29. Qc2
Ne2+ 30. Qxe2 Rxe2 31. Rxe2 Nf8 $17) 29... Ne5 $3 $17 {May be not too
complicated but is elegant.} 30. Rxd8 (30. Nxe5 Qxd4 $19) 30... Nxd3 31. Rxe8+
Kh7 32. Rd2 (32. Ne5 Nxf2 33. Nc4 Qc6 34. Re7 Nfe4 35. Rxf7 Qd5 36. Rf3 b5 37.
axb5 Nxb5 38. Ra2 a4 $19) 32... Qxb3 $6 ({I definitely saw} 32... Nxf2 $1 {
and this was my main idea which I was going already to play. But then I
started to calculate his mating threats and simply confused myself.} 33. Rdd8
Nce4 34. Nh4 (34. Kh2 {I think this was the move I didn't like but after the
simple} Qe3 {White can do nothing} 35. Ne5 Qg3+ 36. Kg1 Nxh3+ 37. Kh1 Nef2#) (
34. Ne5 Ng4+ 35. Kh1 Ng3#) 34... Ng4+ 35. Kf1 Qf2#) 33. Rxd3 ({Here White
should go for the further pin} 33. Re3 $1 {on which I was going to check} Qb1+
34. Kh2 {and take on f2} Nxf2 $1 35. Rxf2 Qb6 $1 36. Rxc3 (36. Bc1 Nd1) 36...
Qxf2 $15) 33... Ne2+ 34. Rxe2 Qxd3 35. Re3 Qd1+ 36. Kh2 Qxa4 {I evaluated this
position as clearly to the advantage of Black, since his plan to push the
pawns is unstoppable while White's prospects for an attack are very vague.} 37.
Bb2 b5 38. Bd4 b4 39. Re7 Qb3 $6 {For some time I could not see the difference
between ...Qa2 and the text, since on the next move I was anyway going to play
...Qd5.} (39... Qa2 $1 40. Ne5 Qd2 $1 41. Rd7 f6 42. Nc4 Qc2 43. Bxf6 Kg6 $19)
40. Ne5 f6 {I almost played} (40... Qd5 {completely missing} 41. Rd7 $1 Qe6 42.
Rxf7 a4 43. Rb7 b3 44. Nf3 Kg8 45. Rxg7+ Kf8 46. Ra7 Qd6+ 47. Be5 Qb4 48. Nd4
b2 49. Ne6+ Ke8 50. Ng7+ $11) 41. Nd7 Kg8 42. Nc5 $6 {It's difficlut to blame
Viktor for such a mistake, especially as he is trying to bring the knight to
e6, but strangely enough he should use a much slower way to do it.} (42. Bc5 $3
h5 43. Re8+ Kh7 44. Re7 Kg6 45. Nf8+ Kf5 46. f3 Qc3 47. g4+ Kf4 48. Ng6+ Kg5 (
48... Kxf3 49. Nh4+ Kf4 50. Be3+ Qxe3 51. Ng2+ $18) 49. Rxg7 f5 50. Nf8+ Kf6 {
while analysing the game I reached this study like type of position in which
the best for White is the beautiful} 51. Bd4+ $3 Qxd4 52. g5+ Kxg7 (52... Ke5
53. Re7+ Kf4 (53... Kd6 54. Rd7+ Ke5 55. Ng6+ $18) 54. Ne6+ $18) 53. Ne6+ Kg6
54. Nxd4 Kxg5 55. Kg3 f4+ 56. Kg2 a4 57. Kf2 Kf6 58. Ke2 Ke5 59. Nc6+ Kd5 60.
Nxb4+ Kc4 61. Na2 Kb3 62. Nc1+ Kc2 63. Nd3 a3 $11) 42... Qd5 $1 {Now White
cannot establish coordination between his pieces.} 43. Rd7 (43. Ne6 Qd6+) 43...
Qc4 44. Be3 b3 45. Rb7 a4 {Establishing a mutual zugzwang on the queenside.
Now the destiny of the game will be decided on the kingside.} 46. g4 $6 {
Opening too wide White's king position, but even after the best} (46. g3 h5 47.
h4 Kh7 48. Kg1 Kg6 49. Kh2 Kf5 50. Rb6 g5 $1 {Black would manage to open the
position of White's king and to win the game} 51. hxg5 fxg5 52. Nb7 Qc2 53.
Nd6+ Ke5 54. Nf7+ Ke4 55. Nxg5+ Kd5 56. Ne6 b2 57. Nd4 b1=Q 58. Nxc2 Qxc2 59.
Rb5+ Ke4 60. Rxh5 a3 61. Ra5 a2 $19) 46... Qd5 $19 {Threatening ...Qxb7. Now
things are forced, Black will combine the threats to the king and the rook,
which together with the promotion of the pawns makes the situation hopeless
for White.} 47. Rb8+ Kh7 48. Kg1 Qe5 49. Rb4 Qc3 50. Rb7 b2 51. Nxa4 Qc1+ 52.
Kh2 (52. Bxc1 bxc1=Q+ 53. Kh2 Qc2 54. Rb4 Qxf2+ 55. Kh1 Qe1+ $19) 52... b1=Q
53. Rxb1 Qxb1 54. Nc5 g6 55. Ne6 Qe4 56. Nd4 h5 57. Kg3 Kg7 58. Nf3 g5 59. Nd4
Qh1 60. gxh5 Qg1+ 61. Kf3 Kh6 62. h4 Kxh5 0-1